Életmentés - rádión keresztül

Elmentve itt :
Bibliográfiai részletek
Dokumentumtípus: Cikk
Megjelent: 2013-05-09
Sorozat:Délmagyarország
Kulcsszavak:II. sz. Belgyógyászati Klinika
Online Access:http://univ.bibl.u-szeged.hu/42220
LEADER 00448nab a2200157 i 4500
001 univ42220
005 20171214104034.0
008 171214s2013 hu o 0|| zxx d
040 |a SZTE UnivHistória Repozitórium  |b hun 
041 |a zxx 
245 0 0 |a Életmentés - rádión keresztül  |h [elektronikus dokumentum] 
260 |c 2013-05-09 
300 |a 3 
490 0 |a Délmagyarország 
561 |a Egyetemi hirarchívum 
695 |a II. sz. Belgyógyászati Klinika